Statistiques concernant Les pays qui produisent le plus d'or

Cliquez ici pour prendre le quiz!

Statistiques générales

  • Ce quiz a été pris 110 fois
  • Le résultat moyen est 9 sur 15

Statistiques - réponses

Kg d'orPays% Correct
426 142Chine
97%
236 778États-Unis
95%
85 000Brèsil
89%
270 300Russie
88%
176 015Canada
85%
126 820Mexique
84%
294 171Australie
78%
136 883Afrique du Sud
68%
99 030Indonésie
59%
151 104Pérou
52%
85 029Kazakhstan
39%
100 000Ouzbékistan
26%
107 300Soudan
21%
137 000Ghana
17%
65 246Papouasie-Nouvelle-Guinée
13%

Distribution des résultats

Percentile par nombre de réponses

% des personnes avec chaque résultat

Votre développement - résultats

Vous n’avez pas pris ce quiz